Journal of the Indian Society of Soil Science. (Record no. 29117)
[ view plain ]
| 000 -LEADER | |
|---|---|
| fixed length control field | 01423nam a22003857a 4500 |
| 005 - DATE AND TIME OF LATEST TRANSACTION | |
| control field | 20030302155952.0 |
| 008 - FIXED-LENGTH DATA ELEMENTS--GENERAL INFORMATION | |
| fixed length control field | 090811t xxu||||| |||| 00| 0 eng d |
| 022 ## - INTERNATIONAL STANDARD SERIAL NUMBER | |
| International Standard Serial Number | 0019-638X |
| 030 ## - CODEN DESIGNATION | |
| CODEN | JINSA4 |
| 035 ## - SYSTEM CONTROL NUMBER | |
| System control number | (OCoLC)ocm01752983 |
| 040 ## - CATALOGING SOURCE | |
| Original cataloging agency | DLC |
| 042 ## - AUTHENTICATION CODE | |
| Authentication code | nsdp |
| -- | lc |
| 043 ## - GEOGRAPHIC AREA CODE | |
| Geographic area code | a-ii--- |
| 050 ## - LIBRARY OF CONGRESS CALL NUMBER | |
| Classification number | S590 |
| 082 ## - DEWEY DECIMAL CLASSIFICATION NUMBER | |
| Classification number | 631.405 |
| Edition number | 19 |
| 110 ## - MAIN ENTRY--CORPORATE NAME | |
| Corporate name or jurisdiction name as entry element | Indian Society of Soil Science. |
| 210 ## - ABBREVIATED TITLE | |
| Abbreviated title | J. Indian Soc. Soil Sci. |
| 222 ## - KEY TITLE | |
| Key title | Journal of the Indian Society of Soil Science |
| 245 ## - TITLE STATEMENT | |
| Title | Journal of the Indian Society of Soil Science. |
| 260 ## - PUBLICATION, DISTRIBUTION, ETC. (IMPRINT) | |
| Place of publication, distribution, etc | New Delhi, |
| Name of publisher, distributor, etc | Indian Society of Soil Science. |
| 300 ## - PHYSICAL DESCRIPTION | |
| Extent | v. |
| Other physical details | ill., diagrs. |
| Dimensions | 25 cm. |
| 310 ## - CURRENT PUBLICATION FREQUENCY | |
| Current publication frequency | Quarterly, |
| Date of current publication frequency | 1956-<1975> |
| 321 ## - FORMER PUBLICATION FREQUENCY | |
| Former publication frequency | Semiannual, |
| -- | 1953-55 |
| 362 ## - DATES OF PUBLICATION AND/OR SEQUENTIAL DESIGNATION | |
| Dates of publication and/or sequential designation | v. 1- June 1953- |
| 510 ## - CITATION/REFERENCES NOTE | |
| Name of source | Chemical abstracts |
| International Standard Serial Number | 0009-2258 |
| 590 ## - LOCAL NOTE (RLIN) | |
| Local note | SERBIB/SERLOC merged record |
| 650 ## - SUBJECT ADDED ENTRY--TOPICAL TERM | |
| Topical term or geographic name as entry element | Soil science |
| Form subdivision | Periodicals. |
| 650 ## - SUBJECT ADDED ENTRY--TOPICAL TERM | |
| Topical term or geographic name as entry element | Soils |
| Geographic subdivision | India |
| Form subdivision | Periodicals. |
| 270 ## - ADDRESS | |
| Address | Dr Prakash Shastri Marg, PUSA |
| City | New Delhi |
| Postal code | 110012 |
| Telephone number | 0091-11-25841991 |
| Fax number | 0091-11-25841529 |
| Electronic mail address | isss1934@yahoo.com |
| Public note | isss-india.org |
| 906 ## - LOCAL DATA ELEMENT F, LDF (RLIN) | |
| a | 7 |
| b | cbc |
| c | serials |
| d | 3 |
| e | ncip |
| f | 19 |
| g | n-oclcserc |
| 936 ## - OCLC/CONSER MISCELLANEOUS DATA (OCLC); PIECE USED FOR CATALOGING (pre-AACR2) (RLIN) | |
| OCLC control number(s) of parallel record(s) (OCLC); Piece used for cataloging, PUC (RLIN) | Mar. 1976 (surrogate) |
| 942 ## - ADDED ENTRY ELEMENTS (KOHA) | |
| Source of classification or shelving scheme | Dewey Decimal Classification |
| Item type | Periodicals |
| Classification part | 641.405 |
| Call number suffix | JOU |
| Serial record | 1 |
| Withdrawn status | Lost status | Source of classification or shelving scheme | Damaged status | Not for loan | Collection code | Home library | Current library | Date acquired | Total Checkouts | Full call number | Date last seen | Price effective from | Koha item type |
|---|---|---|---|---|---|---|---|---|---|---|---|---|---|
| Dewey Decimal Classification | Not For Loan | Non-fiction | D.B.Act.Division | D.B.Act.Division | 11/08/2009 | 641.405 JOU | 11/08/2009 | 11/08/2009 | Periodicals |
